Manual de broncoscopia practica (Registro nro. 308299)

Detalles MARC
000 -ENCABEZADO
Número de control [NR] 00958cam a22003017a 4500
001 - NÚMERO DE CONTROL
control field ocn747900373
005 - FECHA Y HORA DE LA ÚLTIMA TRANSACCIÓN
control field 20180118154103.0
008 - DE LONGITUD FIJA DE DATOS DE ELEMENTOS - INFORMACIÓN GENERAL
Elementos de longitud fija [NR] 171127s2004 ck a b 000 0 spa
016 7# - NUMERO DE CONTROL DE AGENCIA BIBLIOGRAFICA NACIONAL [R]
Número de control [NR] 101520270
Fuente [NR] DNLM
020 ## - NUMERO INTERNACIONAL NORMALIZADO PARA LIBROS [R]
Número Internacional Normalizado del libro [NR] 9789588077017
020 ## - NUMERO INTERNACIONAL NORMALIZADO PARA LIBROS [R]
ISBN Cancelado/ Invalidado [R] 958807701X
020 ## - NUMERO INTERNACIONAL NORMALIZADO PARA LIBROS [R]
Número Internacional Normalizado del libro [NR] 9789588077659
020 ## - NUMERO INTERNACIONAL NORMALIZADO PARA LIBROS [R]
ISBN Cancelado/ Invalidado [R] 9588077656
029 0# - OTRO SISTEMA DE NÚMERO DE CONTROL (OCLC)
OCLC library identifier NLM
System control number 101520270
035 ## - NUMERO DE CONTROL DEL SISTEMA [R]
Número de control del sistema [NR] (OCoLC)747900373
040 ## - FUENTE DE CATALOGACION [NR]
Agencia de catalogación original [NR] Co-BoUCM
Idioma de catalogación [NR] eng
Quien Cataloga Saul Niño
Quien Clasifica Saul Niño
041 0# - CODIGO DE IDIOMA [R]
Código de idioma para texto/pista de sonido o título separado [R] Español
060 10 - SIGNATURA TOPOGRAFICA DE LA BIBLIOTECA NACIONAL DE MEDICINA (NLM) [R]
Número clasificador [R] WF 500
100 1# - ASIENTO PRINCIPAL--NOMBRE PERSONAL [NR]
Nombre personal [NR] Baéna Pianeta, Juvenal
ID Autoridad 89433
245 10 - MENCION DE TITULO [NR]
Título [NR] Manual de broncoscopia practica
Mención de responsabilidad, etc. [NR] Juvenal Baéna Pianeta
260 ## - PUBLICACION, DISTRIBUCION, ETC. (PIE DE IMPRENTA) [R]
Lugar de publicación, distribución, etc. [R] Bogotá
Nombre del editor, distribuidor, etc. [R] Universidad El Bosque
Fecha de publicación, distribución, etc. [R] 2005
300 ## - DESCRIPCION FISICA [R]
Extensión [R] 143 páginas
Otros detalles físicos [NR] ilustraciones
490 0# - MENCION DE SERIE [R]
Mención de serie [R] Colección Educación médica
Designación numérica/secuencial del volumen [NR] 38
650 #7 - ASIENTO SECUNDARIO DE MATERIA - TERMINO TEMATICO [R]
Término temático o nombre geográfico como elemento de entrada [NR] Broncoscopia
Subdivisión general [R] Métodos
9 (RLIN) 10219
650 #7 - ASIENTO SECUNDARIO DE MATERIA - TERMINO TEMATICO [R]
Término temático o nombre geográfico como elemento de entrada [NR] Endoscopia
Subdivisión general [R] Métodos
9 (RLIN) 14216
650 #7 - ASIENTO SECUNDARIO DE MATERIA - TERMINO TEMATICO [R]
Término temático o nombre geográfico como elemento de entrada [NR] Diagnóstico por imágenes
9 (RLIN) 13155
942 ## - ELEMENTOS DE ENTRADA AGREGADOS (KOHA)
Sistema de clasificación DEWEY
Tema principal Medicina
Tipo de ítem principal el descrito en 300a Libro
Edición 1
Clasificación WF 500
Parte restante de la signatura top. B139m
Título oculto en OPAC No
Existencias
Total préstamos Signatura topográfica Código de barras Última vez visto Ejemplar Costo de reposición Price effective from Tipo de ítem Perdido Sistema de clasificación Dañado No prestable Tipo de ítem específico Suprimido Ubicación habitual Ubicación actual Localización Fecha de creación Proveedor Forma de adquisición Costo
  WF 500 B139m 100155030 01/12/2025 Ej.1 26000.00 02/11/2017 Libro   NLM     Libro   Fundación Cardioinfantil Fundación Cardioinfantil 1er piso 02/11/2017 12 Donación 0.00